mango insect pest management : (Record no. 480377)

000 -LEADER
fixed length control field 01123cam a22003377a 4500
001 - CONTROL NUMBER
control field 13104575
003 - CONTROL NUMBER IDENTIFIER
control field ASAB
005 - DATE AND TIME OF LATEST TRANSACTION
control field 20180827062722.0
008 - FIXED-LENGTH DATA ELEMENTS--GENERAL INFORMATION
fixed length control field 021031s2002 it a b i000 0 eng d
010 ## - LIBRARY OF CONGRESS CONTROL NUMBER
LC control number 2003422210
020 ## - INTERNATIONAL STANDARD BOOK NUMBER
International Standard Book Number 81-85860-32-7
035 ## - SYSTEM CONTROL NUMBER
System control number (OCoLC)ocm50911288
040 ## - CATALOGING SOURCE
Original cataloging agency DJB
Transcribing agency ASAB
Modifying agency UKM
-- DLC
042 ## - AUTHENTICATION CODE
Authentication code lccopycat
043 ## - GEOGRAPHIC AREA CODE
Geographic area code f-ml---
050 00 - LIBRARY OF CONGRESS CALL NUMBER
Classification number SB950.3.M35
Item number S74 2002
082 00 - DEWEY DECIMAL CLASSIFICATION NUMBER
Classification number 632/.9/096623
Edition number 21
100 1# - MAIN ENTRY--PERSONAL NAME
Personal name R.P. Srivastava
9 (RLIN) 1598
245 10 - TITLE STATEMENT
Title mango insect pest management :
Statement of responsibility, etc. R.P. Srivastava
300 ## - PHYSICAL DESCRIPTION
Extent 272 P. p. :
Other physical details ill. ;
Dimensions 30 cm.
440 #0 - SERIES STATEMENT/ADDED ENTRY--TITLE
Title People's participation,
International Standard Serial Number 1020-122X ;
Volume/sequential designation 13
9 (RLIN) 1599
504 ## - BIBLIOGRAPHY, ETC. NOTE
Bibliography, etc. note Includes bibliographical references (p. 38-39).
650 #0 - SUBJECT ADDED ENTRY--TOPICAL TERM
Topical term or geographic name entry element Pests
General subdivision Control
Geographic subdivision Mali.
9 (RLIN) 1600
650 #0 - SUBJECT ADDED ENTRY--TOPICAL TERM
Topical term or geographic name entry element Pests
General subdivision Integrated control
Geographic subdivision Mali.
9 (RLIN) 1601
700 1# - ADDED ENTRY--PERSONAL NAME
Personal name Musch, Arne.
9 (RLIN) 1602
700 1# - ADDED ENTRY--PERSONAL NAME
Personal name Diarra, Yaya.
9 (RLIN) 1603
710 2# - ADDED ENTRY--CORPORATE NAME
Corporate name or jurisdiction name as entry element Food and Agriculture Organization of the United Nations.
9 (RLIN) 1604
906 ## - LOCAL DATA ELEMENT F, LDF (RLIN)
a 7
b cbc
c copycat
d 3
e ncip
f 20
g y-gencatlg
942 ## - ADDED ENTRY ELEMENTS (KOHA)
Source of classification or shelving scheme
Koha item type Book
Holdings
Withdrawn status Lost status Source of classification or shelving scheme Damaged status Not for loan Collection code Permanent Location Current Location Date acquired Total Checkouts Full call number Barcode Date last seen Price effective from Koha item type
            Central Library (CL) Central Library (CL) 12/07/2016   632.7 SRI ASAB2138 04/26/2018 12/07/2016 Book
© 2023 Central Library, National University of Sciences and Technology. All Rights Reserved.